First certificate: Use of English

Zapisane w:
Opis bibliograficzny
1. autor: Judy Copage
Format: Książka
Język:Undetermined
Wydane: New Jersey Pearson 2000
Etykiety: Dodaj etykietę
Nie ma etykietki, Dołącz pierwszą etykiete!
Thư viện lưu trữ: Trung tâm Học liệu Trường Đại học Cần Thơ
LEADER 00401nam a2200157Ia 4500
001 CTU_65979
008 210402s9999 xx 000 0 und d
020 |b 203000 
082 |a 428.24 
082 |b C781 
100 |a Judy Copage 
245 0 |a First certificate: Use of English 
260 |a New Jersey 
260 |b Pearson 
260 |c 2000 
980 |a Trung tâm Học liệu Trường Đại học Cần Thơ